[Event "DVM U14 2023"]
[Site "Magdeburg GER"]
[Date "2023.12.28"]
[Round "4"]
[White "Wolf, Noah"]
[Black "Wenzel, Jonathan"]
[Result "1-0"]
[Termination "normal"]
[Board "9.4"]
[WhiteElo "1364"]
[BlackElo "987"]
[WhiteClock "01:20:51"]
[BlackClock "00:26:59"]
[WhiteTeam "Vorwärts Orient Mainz"]
[BlackTeam "SC Untergrombach 46"]
[PlyCount "79"]
[WhiteFideId "34616985"]
[BlackFideId "34640568"]
[EventCountry "GER"]
[EventRounds "7"]
[EventType "team-swiss"]
[EventDate "2023.12.26"]

1. e4 {[%clk 01:30:56]} {[%emt 00:00:04]} e5 {[%clk 01:30:47]} {[%emt
00:00:13]} 2. Nf3 {[%clk 01:31:21]} {[%emt 00:00:06]} Nc6 {[%clk 01:31:11]}
{[%emt 00:00:06]} 3. Bc4 {[%clk 01:31:47]} {[%emt 00:00:04]} Bc5 {[%clk
01:31:09]} {[%emt 00:00:32]} 4. c3 {[%clk 01:32:11]} {[%emt 00:00:06]} Nf6
{[%clk 01:31:28]} {[%emt 00:00:12]} 5. d4 {[%clk 01:32:36]} {[%emt 00:00:04]}
exd4 {[%clk 01:31:49]} {[%emt 00:00:09]} 6. e5 {[%clk 01:33:02]} {[%emt
00:00:04]} d5 {[%clk 01:31:48]} {[%emt 00:00:30]} 7. Bb5 {[%clk 01:33:26]}
{[%emt 00:00:06]} Ne4 {[%clk 01:31:43]} {[%emt 00:00:35]} 8. cxd4 {[%clk
01:33:47]} {[%emt 00:00:10]} Bb6 {[%clk 01:29:25]} {[%emt 00:02:49]} 9. Nc3
{[%clk 01:33:31]} {[%emt 00:00:45]} Nxc3 {[%clk 01:24:17]} {[%emt 00:05:39]}
10. bxc3 {[%clk 01:33:56]} {[%emt 00:00:06]} O-O {[%clk 01:20:37]} {[%emt
00:04:10]} 11. O-O {[%clk 01:34:06]} {[%emt 00:00:20]} Ne7 {[%clk 01:11:47]}
{[%emt 00:09:20]} 12. a4 {[%clk 01:33:36]} {[%emt 00:01:00]} a6 {[%clk
01:11:16]} {[%emt 00:01:01]} 13. Bd3 {[%clk 01:33:47]} {[%emt 00:00:13]} Bg4
{[%clk 01:04:40]} {[%emt 00:07:10]} 14. Bxh7+ {[%clk 01:33:13]} {[%emt
00:01:04]} Kh8 {[%clk 01:00:37]} {[%emt 00:04:32]} 15. Bc2 {[%clk 01:33:14]}
{[%emt 00:00:30]} Kg8 {[%clk 00:48:12]} {[%emt 00:12:54]} 16. Bg5 {[%clk
01:33:04]} {[%emt 00:00:41]} Qd7 {[%clk 00:42:23]} {[%emt 00:06:19]} 17. Bxe7
{[%clk 01:32:16]} {[%emt 00:01:19]} Qxe7 {[%clk 00:42:36]} {[%emt 00:00:17]}
18. Qd3 {[%clk 01:32:26]} {[%emt 00:00:19]} g6 {[%clk 00:42:41]} {[%emt
00:00:25]} 19. a5 {[%clk 01:32:03]} {[%emt 00:00:53]} Ba7 {[%clk 00:42:43]}
{[%emt 00:00:29]} 20. Bb3 {[%clk 01:31:24]} {[%emt 00:01:08]} c6 {[%clk
00:39:46]} {[%emt 00:03:27]} 21. Rfe1 {[%clk 01:30:01]} {[%emt 00:01:53]} Kg7
{[%clk 00:34:17]} {[%emt 00:05:59]} 22. Re3 {[%clk 01:28:35]} {[%emt 00:01:56]}
Rh8 {[%clk 00:32:59]} {[%emt 00:01:48]} 23. Nd2 {[%emt 00:00:40]} Qh4 {[%clk
00:32:39]} {[%emt 00:00:46]} 24. h3 {[%clk 01:28:09]} {[%emt 00:00:51]} Bf5
{[%clk 00:32:38]} {[%emt 00:00:31]} 25. Qe2 {[%clk 01:27:46]} {[%emt 00:00:42]}
c5 {[%clk 00:32:05]} {[%emt 00:01:13]} 26. Bxd5 {[%clk 01:27:33]} {[%emt
00:00:43]} cxd4 {[%clk 00:31:52]} {[%emt 00:00:43]} 27. Nf3 {[%clk 01:27:42]}
{[%emt 00:00:21]} Qh6 {[%clk 00:31:08]} {[%emt 00:01:12]} 28. Nxd4 {[%clk
01:27:19]} {[%emt 00:00:56]} Bxd4 {[%clk 00:30:51]} {[%emt 00:00:48]} 29. cxd4
{[%clk 01:27:40]} {[%emt 00:00:08]} Rab8 {[%clk 00:30:34]} {[%emt 00:00:46]}
30. Rc1 {[%clk 01:26:34]} {[%emt 00:01:36]} Qg5 {[%clk 00:30:30]} {[%emt
00:00:33]} 31. Rc7 {[%clk 01:26:19]} {[%emt 00:00:46]} Rbf8 {[%clk 00:30:31]}
{[%emt 00:00:30]} 32. Rg3 {[%clk 01:24:29]} {[%emt 00:02:19]} Qf4 {[%clk
00:29:02]} {[%emt 00:01:59]} 33. Qe3 {[%clk 01:22:44]} {[%emt 00:02:16]} Qh4
{[%clk 00:28:27]} {[%emt 00:01:02]} 34. e6 {[%clk 01:21:53]} {[%emt 00:01:23]}
Qd8 {[%clk 00:27:59]} {[%emt 00:00:57]} 35. Qe5+ {[%clk 01:20:12]} {[%emt
00:02:13]} Kg8 {[%clk 00:27:43]} {[%emt 00:00:46]} 36. e7 {[%clk 01:20:15]}
{[%emt 00:00:28]} Qxc7 {[%clk 00:27:15]} {[%emt 00:00:58]} 37. exf8=Q+ {[%clk
01:20:34]} {[%emt 00:00:11]} Kxf8 {[%clk 00:27:31]} {[%emt 00:00:14]} 38. Qxc7
{[%clk 01:21:00]} {[%emt 00:00:04]} Kg7 {[%clk 00:26:55]} {[%emt 00:01:05]} 39.
Qxf7+ {[%clk 01:20:35]} {[%emt 00:00:56]} Kh6 {[%clk 00:26:59]} {[%emt
00:00:25]} 40. Be6 {[%clk 01:20:51]} {[%emt 00:00:15]} 1-0

[Event "DVM U14 2023"]
[Site "Magdeburg GER"]
[Date "2023.12.28"]
[Round "4"]
[White "Beberhold, Otto Richard"]
[Black "Fischer, Lorenz"]
[Result "1/2-1/2"]
[Termination "normal"]
[Board "10.1"]
[WhiteElo "1447"]
[BlackElo "1630"]
[WhiteClock "00:10:45"]
[BlackClock "00:28:30"]
[WhiteTeam "SSV Vimaria 91 Weimar"]
[BlackTeam "SF Tegernheim"]
[PlyCount "89"]
[WhiteFideId "34617248"]
[BlackFideId "16296710"]
[EventCountry "GER"]
[EventRounds "7"]
[EventType "team-swiss"]
[EventDate "2023.12.26"]

1. d4 {[%clk 01:30:55]} {[%emt 00:00:03]} Nf6 {[%clk 01:30:56]} {[%emt
00:00:05]} 2. Nf3 {[%clk 01:31:20]} {[%emt 00:00:05]} c5 {[%clk 01:31:19]}
{[%emt 00:00:07]} 3. e3 {[%clk 01:31:47]} {[%emt 00:00:04]} g6 {[%clk
01:31:35]} {[%emt 00:00:13]} 4. dxc5 {[%clk 01:32:09]} {[%emt 00:00:07]} Qa5+
{[%clk 01:31:21]} {[%emt 00:00:44]} 5. Bd2 {[%clk 01:32:32]} {[%emt 00:00:08]}
Qxc5 {[%clk 01:31:46]} {[%emt 00:00:05]} 6. c4 {[%clk 01:32:53]} {[%emt
00:00:08]} Bg7 {[%clk 01:31:49]} {[%emt 00:00:27]} 7. Bc3 {[%clk 01:33:09]}
{[%emt 00:00:14]} d6 {[%clk 01:31:29]} {[%emt 00:00:50]} 8. Be2 {[%clk
01:33:19]} {[%emt 00:00:21]} Be6 {[%clk 01:30:47]} {[%emt 00:01:11]} 9. Nbd2
{[%clk 01:32:23]} {[%emt 00:01:26]} O-O {[%clk 01:29:17]} {[%emt 00:02:01]} 10.
O-O {[%clk 01:31:33]} {[%emt 00:01:20]} Nbd7 {[%clk 01:26:43]} {[%emt
00:03:04]} 11. b4 {[%clk 01:27:42]} {[%emt 00:04:21]} Qc7 {[%clk 01:20:18]}
{[%emt 00:06:55]} 12. Nd4 {[%clk 01:24:22]} {[%emt 00:03:49]} Nb6 {[%clk
01:15:20]} {[%emt 00:05:29]} 13. Nxe6 {[%clk 01:23:10]} {[%emt 00:01:42]} fxe6
{[%clk 01:15:47]} {[%emt 00:00:03]} 14. Qb3 {[%clk 01:21:31]} {[%emt 00:02:08]}
Rac8 {[%clk 01:10:32]} {[%emt 00:05:46]} 15. Rac1 {[%clk 01:19:23]} {[%emt
00:02:37]} Qd7 {[%clk 01:03:37]} {[%emt 00:07:26]} 16. Rfd1 {[%clk 01:09:41]}
{[%emt 00:10:12]} Qa4 {[%clk 00:56:14]} {[%emt 00:07:53]} 17. Nf3 {[%clk
00:57:07]} {[%emt 00:13:04]} Qxb3 {[%clk 00:50:54]} {[%emt 00:05:50]} 18. axb3
{[%clk 00:57:31]} {[%emt 00:00:06]} a6 {[%clk 00:43:10]} {[%emt 00:05:34]} 19.
Ng5 {[%clk 00:46:10]} {[%emt 00:09:42]} e5 20. Bf3 {[%clk 00:41:39]} {[%emt
00:12:41]} e4 {[%clk 00:31:50]} 21. Nxe4 {[%clk 00:36:19]} Nxe4 {[%clk
00:27:48]} 22. Bxe4 {[%emt 00:12:01]} Rc7 23. Bxg7 {[%clk 00:34:17]} Kxg7
{[%emt 00:00:25]} 24. c5 {[%emt 00:02:27]} Rfc8 {[%emt 00:06:13]} 25. Rc2
{[%emt 00:08:47]} dxc5 {[%emt 00:08:16]} 26. bxc5 {[%emt 00:02:19]} Rxc5 {[%emt
00:00:05]} 27. Rxc5 {[%clk 00:19:50]} {[%emt 00:00:15]} Rxc5 {[%emt 00:00:45]}
28. Bxb7 {[%emt 00:00:48]} Rb5 {[%emt 00:02:05]} 29. Bxa6 {[%emt 00:00:13]}
Rxb3 {[%emt 00:03:02]} 30. g4 {[%emt 00:03:13]} Rb2 {[%clk 00:14:54]} {[%emt
00:00:41]} 31. Kg2 {[%emt 00:02:14]} Na4 {[%emt 00:04:26]} 32. Kf3 {[%emt
00:02:16]} Nc5 {[%emt 00:02:09]} 33. Bc4 {[%clk 00:08:59]} {[%emt 00:01:04]}
Rb8 {[%clk 00:08:59]} {[%emt 00:02:52]} 34. Rd4 {[%clk 00:07:07]} {[%emt
00:02:22]} Rf8+ {[%clk 00:07:17]} {[%emt 00:02:12]} 35. Rf4 {[%clk 00:07:25]}
{[%emt 00:00:12]} g5 {[%emt 00:02:39]} 36. Rxf8 {[%clk 00:06:59]} Kxf8 {[%clk
00:06:32]} {[%emt 00:00:01]} 37. Bd5 {[%clk 00:07:08]} {[%emt 00:00:20]} Kg7
{[%clk 00:06:16]} {[%emt 00:00:48]} 38. Kg3 {[%clk 00:07:14]} {[%emt 00:00:23]}
Kf6 {[%clk 00:05:30]} {[%emt 00:01:16]} 39. f4 {[%clk 00:05:56]} {[%emt
00:01:48]} h6 {[%clk 00:04:13]} {[%emt 00:01:47]} 40. h4 {[%clk 00:04:29]}
{[%emt 00:01:56]} Nd3 {[%clk 00:03:04]} {[%emt 00:01:39]} 41. hxg5+ {[%clk
00:02:24]} hxg5 {[%clk 00:03:24]} {[%emt 00:02:46]} 42. Kf3 {[%clk 00:00:38]}
Nc5 {[%clk 00:02:49]} {[%emt 00:03:19]} 43. Bc4 {[%clk 00:25:55]} e5 {[%clk
00:29:35]} {[%emt 00:08:58]} 44. f5 {[%clk 00:12:25]} Ke7 {[%clk 00:28:30]}
{[%emt 00:15:36]} 45. Bd5 {[%clk 00:10:45]} 1/2-1/2

[Event "DVM U14 2023"]
[Site "Magdeburg GER"]
[Date "2023.12.28"]
[Round "4"]
[White "Wittmann, Felix"]
[Black "Bock, Leonas"]
[Result "1/2-1/2"]
[Termination "normal"]
[Board "10.2"]
[WhiteElo "1497"]
[BlackElo "1302"]
[WhiteClock "00:17:18"]
[BlackClock "00:20:58"]
[WhiteTeam "SF Tegernheim"]
[BlackTeam "SSV Vimaria 91 Weimar"]
[PlyCount "173"]
[WhiteFideId "34650784"]
[BlackFideId "16287118"]
[EventCountry "GER"]
[EventRounds "7"]
[EventType "team-swiss"]
[EventDate "2023.12.26"]

1. e4 {[%clk 01:30:57]} {[%emt 00:00:02]} c5 {[%clk 01:30:45]} {[%emt
00:00:16]} 2. Nf3 {[%clk 01:31:14]} {[%emt 00:00:12]} Nc6 {[%clk 01:31:07]}
{[%emt 00:00:08]} 3. d4 {[%clk 01:31:39]} {[%emt 00:00:05]} cxd4 {[%clk
01:31:31]} {[%emt 00:00:06]} 4. Nxd4 {[%clk 01:31:54]} {[%emt 00:00:15]} Nf6
{[%clk 01:31:51]} {[%emt 00:00:11]} 5. Nc3 {[%clk 01:32:18]} {[%emt 00:00:06]}
e5 {[%clk 01:32:16]} {[%emt 00:00:05]} 6. Nxc6 {[%clk 01:31:35]} {[%emt
00:01:13]} bxc6 {[%clk 01:32:22]} {[%emt 00:00:23]} 7. Bg5 {[%clk 01:31:25]}
{[%emt 00:00:40]} Be7 {[%clk 01:32:28]} {[%emt 00:00:24]} 8. Bd3 {[%clk
01:31:02]} {[%emt 00:00:53]} O-O {[%clk 01:32:31]} {[%emt 00:00:28]} 9. O-O
{[%clk 01:31:06]} {[%emt 00:00:25]} Bb7 {[%clk 01:30:46]} {[%emt 00:02:14]} 10.
Re1 {[%clk 01:29:09]} {[%emt 00:02:27]} Qc7 {[%clk 01:28:50]} {[%emt 00:02:27]}
11. Qd2 {[%clk 01:26:17]} {[%emt 00:03:20]} Rad8 {[%clk 01:28:43]} {[%emt
00:00:37]} 12. f4 {[%clk 01:23:01]} {[%emt 00:03:47]} h6 {[%clk 01:25:57]}
{[%emt 00:03:17]} 13. fxe5 {[%clk 01:20:57]} {[%emt 00:02:35]} hxg5 {[%clk
01:23:13]} {[%emt 00:03:13]} 14. exf6 {[%clk 01:20:23]} {[%emt 00:01:06]} Bxf6
{[%clk 01:23:36]} {[%emt 00:00:04]} 15. Rad1 {[%clk 01:13:09]} {[%emt
00:07:44]} d5 {[%clk 01:22:44]} {[%emt 00:01:22]} 16. Re2 {[%clk 01:08:10]}
{[%emt 00:05:29]} d4 {[%clk 01:17:42]} {[%emt 00:05:31]} 17. Nb1 {[%clk
01:08:06]} {[%emt 00:00:34]} c5 {[%clk 01:16:40]} {[%emt 00:01:32]} 18. b3
{[%clk 01:06:06]} {[%emt 00:02:30]} Be5 {[%clk 01:14:15]} {[%emt 00:02:55]} 19.
g3 {[%clk 01:05:51]} {[%emt 00:00:45]} Qe7 {[%clk 01:11:47]} {[%emt 00:02:58]}
20. Rf1 {[%clk 01:03:06]} {[%emt 00:03:15]} Bc8 {[%clk 01:10:50]} {[%emt
00:01:28]} 21. Na3 {[%clk 00:58:47]} {[%emt 00:04:50]} f6 {[%clk 00:57:37]}
{[%emt 00:13:41]} 22. Nc4 {[%clk 00:56:03]} {[%emt 00:03:16]} Bc7 {[%clk
00:57:23]} {[%emt 00:00:43]} 23. Rfe1 {[%clk 00:53:17]} {[%emt 00:03:16]} Bg4
{[%clk 00:55:38]} {[%emt 00:02:15]} 24. Rf2 {[%clk 00:53:02]} {[%emt 00:00:45]}
g6 {[%clk 00:52:27]} {[%emt 00:03:40]} 25. Kg2 {[%clk 00:38:10]} {[%emt
00:15:22]} Kg7 {[%clk 00:47:08]} {[%emt 00:05:48]} 26. h3 {[%clk 00:33:52]}
{[%emt 00:04:49]} Be6 {[%clk 00:44:26]} {[%emt 00:03:11]} 27. g4 {[%clk
00:31:34]} {[%emt 00:02:49]} Rde8 {[%clk 00:42:10]} {[%emt 00:02:47]} 28. Rfe2
{[%clk 00:23:45]} {[%emt 00:08:18]} Bxc4 {[%clk 00:39:36]} {[%emt 00:03:04]}
29. Bxc4 {[%clk 00:22:14]} {[%emt 00:02:02]} Qe5 {[%clk 00:39:45]} {[%emt
00:00:21]} 30. Qd3 {[%clk 00:19:24]} {[%emt 00:03:20]} Rh8 {[%clk 00:35:23]}
{[%emt 00:04:52]} 31. Rh1 {[%clk 00:18:30]} {[%emt 00:01:26]} Re7 {[%clk
00:31:07]} {[%emt 00:04:45]} 32. Bd5 {[%clk 00:17:48]} {[%emt 00:01:12]} f5
{[%clk 00:31:11]} {[%emt 00:00:26]} 33. Qf3 {[%clk 00:16:28]} {[%emt 00:01:51]}
Rd8 {[%clk 00:27:24]} {[%emt 00:04:17]} 34. Rhe1 {[%clk 00:15:24]} {[%emt
00:01:33]} f4 {[%clk 00:25:01]} {[%emt 00:02:53]} 35. Kf2 {[%clk 00:14:48]}
{[%emt 00:01:07]} Ba5 {[%clk 00:20:26]} {[%emt 00:05:04]} 36. Rh1 {[%clk
00:15:02]} {[%emt 00:00:16]} Bb6 {[%clk 00:15:49]} {[%emt 00:05:07]} 37. Bc4
{[%clk 00:14:09]} {[%emt 00:01:21]} Rde8 {[%clk 00:14:49]} {[%emt 00:01:30]}
38. Bd3 {[%clk 00:14:28]} {[%emt 00:00:13]} c4 {[%clk 00:13:10]} {[%emt
00:02:09]} 39. bxc4 {[%clk 00:14:48]} {[%emt 00:00:10]} Qa5 {[%clk 00:11:57]}
{[%emt 00:01:42]} 40. Ra1 {[%emt 00:00:31]} Kf6 {[%clk 00:11:16]} {[%emt
00:01:10]} 41. Ree1 {[%clk 00:13:46]} {[%emt 00:01:34]} Rh7 {[%clk 00:10:08]}
{[%emt 00:01:37]} 42. Red1 {[%clk 00:12:21]} {[%emt 00:01:56]} Reh8 {[%clk
00:05:54]} {[%emt 00:04:43]} 43. Rh1 {[%clk 00:12:21]} {[%emt 00:00:30]} Qd2+
{[%clk 00:06:11]} {[%emt 00:00:13]} 44. Kf1 {[%clk 00:12:41]} {[%emt 00:00:10]}
Qe3 {[%clk 00:30:13]} {[%emt 00:06:27]} 45. Qxe3 {[%clk 00:41:33]} {[%emt
00:01:39]} dxe3 {[%clk 00:30:30]} {[%emt 00:00:13]} 46. Kg2 {[%clk 00:41:49]}
{[%emt 00:00:14]} Bc5 {[%clk 00:29:54]} {[%emt 00:01:06]} 47. Rab1 {[%clk
00:41:31]} {[%emt 00:00:46]} a6 {[%clk 00:30:05]} {[%emt 00:00:22]} 48. Rb3
{[%clk 00:41:11]} {[%emt 00:00:50]} Ke5 {[%clk 00:27:16]} {[%emt 00:03:19]} 49.
Rbb1 {[%clk 00:40:29]} {[%emt 00:01:12]} Rf7 {[%clk 00:25:03]} {[%emt
00:02:42]} 50. Kf3 {[%clk 00:40:22]} {[%emt 00:00:36]} Rff8 {[%clk 00:24:22]}
{[%emt 00:01:11]} 51. Rb7 {[%clk 00:37:38]} {[%emt 00:03:14]} Rb8 {[%clk
00:24:15]} {[%emt 00:00:37]} 52. Rb3 {[%clk 00:37:57]} {[%emt 00:00:11]} a5
{[%clk 00:23:17]} {[%emt 00:01:29]} 53. Rb5 {[%clk 00:37:11]} {[%emt 00:01:15]}
Rxb5 {[%clk 00:21:17]} {[%emt 00:02:30]} 54. cxb5 {[%clk 00:37:27]} {[%emt
00:00:13]} Bb6 {[%clk 00:21:45]} {[%emt 00:00:03]} 55. a4 {[%clk 00:33:27]}
{[%emt 00:04:29]} Kd4 {[%clk 00:21:51]} {[%emt 00:00:23]} 56. h4 {[%clk
00:27:43]} {[%emt 00:06:15]} Rxh4 {[%clk 00:21:05]} {[%emt 00:01:16]} 57. Rxh4
{[%clk 00:28:07]} {[%emt 00:00:06]} gxh4 {[%clk 00:21:33]} {[%emt 00:00:03]}
58. Kxf4 {[%clk 00:27:57]} {[%emt 00:00:40]} Bc7 {[%clk 00:21:50]} {[%emt
00:00:13]} 59. Kf3 {[%clk 00:26:57]} {[%emt 00:01:29]} h3 {[%clk 00:21:54]}
{[%emt 00:00:26]} 60. Be2 {[%clk 00:19:31]} {[%emt 00:07:57]} h2 {[%clk
00:21:31]} {[%emt 00:00:53]} 61. Kg2 {[%clk 00:18:39]} {[%emt 00:01:20]} Kc3
{[%clk 00:21:24]} {[%emt 00:00:38]} 62. Bd3 {[%clk 00:18:01]} {[%emt 00:01:08]}
Kb4 {[%clk 00:21:40]} {[%emt 00:00:14]} 63. b6 {[%clk 00:17:06]} {[%emt
00:01:25]} Be5 {[%clk 00:21:13]} {[%emt 00:00:58]} 64. c4 {[%clk 00:16:18]}
{[%emt 00:01:18]} Kc5 {[%clk 00:21:35]} {[%emt 00:00:08]} 65. b7 {[%clk
00:15:51]} {[%emt 00:00:57]} Kc6 {[%clk 00:21:46]} {[%emt 00:00:19]} 66. g5
{[%clk 00:15:31]} {[%emt 00:00:49]} Kxb7 {[%clk 00:22:07]} {[%emt 00:00:09]}
67. Be2 {[%clk 00:15:37]} {[%emt 00:00:24]} Kc6 {[%clk 00:22:19]} {[%emt
00:00:18]} 68. Bf3 {[%clk 00:15:53]} {[%emt 00:00:14]} Kc5 {[%clk 00:22:41]}
{[%emt 00:00:09]} 69. Kf1 {[%clk 00:16:07]} {[%emt 00:00:16]} Kxc4 {[%clk
00:23:02]} {[%emt 00:00:09]} 70. Ke2 {[%clk 00:16:34]} {[%emt 00:00:02]} Bf4
{[%clk 00:22:58]} {[%emt 00:00:34]} 71. e5 {[%clk 00:16:36]} {[%emt 00:00:29]}
Bxe5 {[%clk 00:22:25]} {[%emt 00:01:03]} 72. Kxe3 {[%clk 00:16:30]} {[%emt
00:00:35]} Kb4 {[%clk 00:22:50]} {[%emt 00:00:05]} 73. Bc6 {[%clk 00:16:41]}
{[%emt 00:00:20]} Bc7 {[%clk 00:21:27]} {[%emt 00:01:53]} 74. Kf2 {[%clk
00:16:14]} {[%emt 00:00:57]} Kc5 {[%clk 00:21:08]} {[%emt 00:00:49]} 75. Be4
{[%clk 00:16:15]} {[%emt 00:00:29]} Kd4 {[%clk 00:21:24]} {[%emt 00:00:14]} 76.
Bc6 {[%clk 00:16:17]} {[%emt 00:00:28]} Bf4 {[%clk 00:21:13]} {[%emt 00:00:40]}
77. Kg2 {[%clk 00:16:22]} {[%emt 00:00:25]} Ke5 {[%clk 00:21:16]} {[%emt
00:00:26]} 78. Be8 {[%clk 00:16:16]} {[%emt 00:00:37]} Kf5 {[%clk 00:21:33]}
{[%emt 00:00:13]} 79. Bd7+ {[%clk 00:15:42]} {[%emt 00:01:02]} Kxg5 {[%clk
00:21:57]} {[%emt 00:00:07]} 80. Bc6 {[%clk 00:16:08]} {[%emt 00:00:05]} Kf6
{[%clk 00:21:35]} {[%emt 00:00:52]} 81. Be4 {[%clk 00:16:05]} {[%emt 00:00:32]}
g5 {[%clk 00:21:17]} {[%emt 00:00:48]} 82. Bf3 {[%clk 00:16:00]} {[%emt
00:00:35]} Kf5 {[%clk 00:21:31]} {[%emt 00:00:16]} 83. Bc6 {[%clk 00:16:22]}
{[%emt 00:00:08]} g4 {[%clk 00:21:53]} {[%emt 00:00:09]} 84. Bd7+ {[%clk
00:16:46]} {[%emt 00:00:05]} Kg5 {[%clk 00:22:18]} {[%emt 00:00:05]} 85. Bc6
{[%clk 00:16:54]} {[%emt 00:00:23]} Kh4 {[%clk 00:22:03]} {[%emt 00:00:45]} 86.
Bd7 {[%clk 00:17:15]} {[%emt 00:00:09]} g3 {[%clk 00:20:58]} {[%emt 00:01:34]}
87. Bc6 {[%clk 00:17:18]} {[%emt 00:00:26]} 1/2-1/2

[Event "DVM U14 2023"]
[Site "Magdeburg GER"]
[Date "2023.12.28"]
[Round "4"]
[White "Kalinin, Alexej"]
[Black "Fischer, Quirin"]
[Result "0-1"]
[Termination "normal"]
[Board "10.3"]
[WhiteElo "1376"]
[BlackElo "1383"]
[WhiteClock "00:54:19"]
[BlackClock "01:27:54"]
[WhiteTeam "SSV Vimaria 91 Weimar"]
[BlackTeam "SF Tegernheim"]
[PlyCount "35"]
[WhiteFideId "34617167"]
[BlackFideId "34623787"]
[EventCountry "GER"]
[EventRounds "7"]
[EventType "team-swiss"]
[EventDate "2023.12.26"]

1. d4 {[%clk 01:30:58]} {[%emt 00:00:01]} g6 {[%clk 01:30:54]} {[%emt
00:00:06]} 2. Nf3 {[%clk 01:31:18]} {[%emt 00:00:10]} Bg7 {[%clk 01:31:20]}
{[%emt 00:00:05]} 3. Nc3 {[%clk 01:31:35]} {[%emt 00:00:13]} d6 {[%clk
01:31:42]} {[%emt 00:00:07]} 4. e4 {[%clk 01:30:08]} {[%emt 00:01:57]} Nc6
{[%clk 01:32:06]} {[%emt 00:00:07]} 5. Be3 {[%clk 01:29:00]} {[%emt 00:01:38]}
Bg4 {[%clk 01:32:28]} {[%emt 00:00:08]} 6. h3 {[%clk 01:29:02]} {[%emt
00:00:29]} Bxf3 {[%clk 01:32:52]} {[%emt 00:00:06]} 7. gxf3 {[%clk 01:25:24]}
{[%emt 00:04:07]} a6 {[%clk 01:32:49]} {[%emt 00:00:33]} 8. Qd2 {[%clk
01:18:34]} {[%emt 00:04:26]} Qd7 {[%clk 01:30:52]} 9. O-O-O {[%clk 01:18:34]}
O-O-O {[%clk 01:30:52]} {[%emt 00:06:21]} 10. Bg2 {[%clk 01:11:50]} f5 {[%clk
01:30:44]} {[%emt 00:07:52]} 11. Rhf1 {[%clk 01:06:52]} e5 {[%clk 01:28:20]}
{[%emt 00:08:22]} 12. dxe5 {[%clk 00:55:38]} dxe5 {[%clk 01:27:09]} {[%emt
00:13:26]} 13. Qxd7+ {[%clk 00:53:47]} Rxd7 {[%clk 01:27:30]} {[%emt 00:02:29]}
14. Rxd7 {[%clk 00:54:02]} Kxd7 {[%clk 01:27:54]} {[%emt 00:00:21]} 15. Rd1+
{[%clk 00:54:19]} Nf6 {[%clk 01:27:54]} 16. exf5+ {[%clk 00:54:19]} gxf5 {[%clk
01:27:54]} 17. f4+ {[%clk 00:54:19]} e4 {[%clk 01:27:54]} 18. Bf1+ {[%clk
00:54:19]} 0-1

[Event "DVM U14 2023"]
[Site "Magdeburg GER"]
[Date "2023.12.28"]
[Round "4"]
[White "Luible, Antonia"]
[Black "Berbig, Georg"]
[Result "0-1"]
[Termination "normal"]
[Board "10.4"]
[WhiteElo "1254"]
[BlackElo "1406"]
[WhiteClock "00:59:10"]
[BlackClock "01:06:31"]
[WhiteTeam "SF Tegernheim"]
[BlackTeam "SSV Vimaria 91 Weimar"]
[PlyCount "41"]
[WhiteFideId "34681710"]
[BlackFideId "34640401"]
[EventCountry "GER"]
[EventRounds "7"]
[EventType "team-swiss"]
[EventDate "2023.12.26"]

1. e4 {[%clk 01:30:57]} {[%emt 00:00:03]} d5 {[%clk 01:30:57]} {[%emt
00:00:03]} 2. exd5 {[%clk 01:31:04]} {[%emt 00:00:23]} Qxd5 {[%clk 01:31:22]}
{[%emt 00:00:06]} 3. Nc3 {[%clk 01:31:09]} {[%emt 00:00:24]} Qa5 {[%clk
01:31:34]} {[%emt 00:00:18]} 4. Bc4 {[%clk 01:31:23]} {[%emt 00:00:16]} Nf6
{[%clk 01:31:26]} {[%emt 00:00:39]} 5. d3 {[%clk 01:31:38]} {[%emt 00:00:14]}
c6 {[%clk 01:30:47]} {[%emt 00:01:09]} 6. Bd2 {[%clk 01:31:48]} {[%emt
00:00:21]} Qc7 {[%clk 01:30:54]} {[%emt 00:00:23]} 7. Nf3 {[%clk 01:31:45]}
{[%emt 00:00:32]} Bf5 {[%clk 01:30:00]} {[%emt 00:01:24]} 8. Qe2 {[%clk
01:27:43]} {[%emt 00:04:34]} e6 {[%clk 01:28:37]} {[%emt 00:01:52]} 9. a3
{[%clk 01:25:26]} {[%emt 00:02:47]} Bd6 {[%clk 01:26:55]} {[%emt 00:02:12]} 10.
h3 {[%clk 01:21:37]} Nbd7 {[%clk 01:26:07]} {[%emt 00:05:36]} 11. Nh4 {[%clk
01:20:47]} Bg6 {[%clk 01:25:20]} {[%emt 00:02:38]} 12. Nxg6 {[%clk 01:20:42]}
hxg6 {[%clk 01:25:20]} 13. Ne4 {[%emt 00:07:08]} Nxe4 {[%clk 01:19:54]} {[%emt
00:01:50]} 14. Qxe4 {[%clk 01:18:59]} Nf6 {[%clk 01:18:01]} {[%emt 00:03:08]}
15. Qe2 {[%clk 01:18:49]} O-O {[%clk 01:14:42]} {[%emt 00:04:28]} 16. O-O-O
{[%clk 01:18:47]} a5 {[%clk 01:13:30]} {[%emt 00:02:16]} 17. g4 {[%emt
00:04:12]} Nd5 {[%clk 01:11:15]} {[%emt 00:00:08]} 18. b4 {[%clk 01:10:26]} b5
{[%clk 01:07:30]} {[%emt 00:12:01]} 19. Bxd5 {[%clk 01:08:48]} cxd5 {[%clk
01:07:30]} 20. d4 {[%clk 01:08:48]} Rfc8 {[%clk 01:06:31]} {[%emt 00:10:33]}
21. c3 {[%clk 00:59:10]} 0-1